El futuro de la izquierda en México /
El documento presenta un estudio acerca del socialismo, como una idea liberadora, en el país de México, así como su historia e influencias.
Spremljeno u:
| Glavni autor: | |
|---|---|
| Autor kompanije: | |
| Daljnji autori: | , , , , , , , , , , , , , , , , , |
| Format: | Nepoznato |
| Jezik: | Spanish |
| Izdano: |
México :
Fundación Friedrich Ebert
1992
|
| Teme: | |
| Oznake: |
Dodaj oznaku
Bez oznaka, Budi prvi tko označuje ovaj zapis!
|
MARC
| LEADER | 00000 a2200000 04500 | ||
|---|---|---|---|
| 001 | 46589 | ||
| 003 | cru CIDCACS/IIS | ||
| 005 | 20230605102541.0 | ||
| 008 | 050614s1992 mx spa d | ||
| 020 | |a 968-6833-01-3 | ||
| 040 | |c CRAI/IIS | ||
| 090 | |a 03.03.01 F996f | ||
| 100 | |9 11394 |a Alcocer V., Jorge | ||
| 110 | 2 | |9 3426 |a Fundación Friedrich Ebert | |
| 245 | |a El futuro de la izquierda en México / |c Centro de Estudios para un Proyecto Nacional, Fundación Friedrich Ebert | ||
| 260 | |a México : |b Fundación Friedrich Ebert |c 1992 | ||
| 300 | |a 327 páginas | ||
| 520 | |a El documento presenta un estudio acerca del socialismo, como una idea liberadora, en el país de México, así como su historia e influencias. | ||
| 650 | 0 | |9 4491 |a SOCIALISMO UTÓPICO | |
| 650 | 0 | |9 4498 |a IZQUIERDA | |
| 650 | 0 | |9 4597 |a LIBERACIÓN | |
| 651 | 0 | |9 3410 |a MEXICO | |
| 700 | |9 11395 |a Berman, Paul | ||
| 700 | |9 11396 |a Cordera, Rolando | ||
| 700 | |9 11397 |a Enríquez, José Ramón | ||
| 700 | |9 11398 |a Martínez Verdugo, Arnoldo | ||
| 700 | |9 11399 |a Ruiz Suárez, Ricardo | ||
| 700 | |9 11400 |a Sánchez Susarrey, Jaime | ||
| 700 | |9 11401 |a Semo, Enrique | ||
| 700 | |9 11402 |a Valero, Ricardo | ||
| 700 | |9 11403 |a Zermeño, Felipe | ||
| 700 | 1 | |9 11078 |a Bartra, Roger | |
| 700 | |9 11404 |a Castillo Peraza, Carlos | ||
| 700 | |9 11405 |a Delgado, René | ||
| 700 | |9 11406 |a Gilly, Adolfo | ||
| 700 | |9 11407 |a Reyes Heroles, Federico | ||
| 700 | |9 11408 |a Salazar C., Luis | ||
| 700 | 1 | |9 7772 |a Sánchez Vázquez, Adolfo | |
| 700 | |9 11409 |a Trejo Delarbre, Raúl | ||
| 700 | |9 11410 |a Woldenberg, José | ||
| 942 | |2 ddc |c LI |h 03.03.01 F996f |i 08227 |6 030301_F996F_08227 | ||
| 999 | |c 13297 |d 13297 | ||



